Borneo bulettin yearbook 2012 : Brunei Darussalam tourism and beyond.
| Format: | Book |
|---|---|
| Published: |
Bandar Seri Begawan:
Brunei Press,
2012.
|
| Subjects: |
| LEADER | 00501cam a2200145 7i4500 | ||
|---|---|---|---|
| 001 | 0000029106 | ||
| 005 | 20130924090000.0 | ||
| 090 | 0 | 0 | |a BRUN 330.9 |b BOR |
| 245 | 0 | 0 | |a Borneo bulettin yearbook 2012 : |b Brunei Darussalam tourism and beyond. |
| 260 | 0 | 0 | |a Bandar Seri Begawan: |b Brunei Press, |c 2012. |
| 300 | # | # | |a [v.p.]. |
| 650 | 0 | 0 | |a Brunei Darussalam -- |x Yearbook |
| 650 | 0 | 0 | |a Economic conditions -- |z Brunei Darussalam |
| 651 | 0 | 0 | |a Brunei Darussalam |
| 999 | |a B000032953 |b Book |c Countries |e Business Information Centre | ||